| 000 | 00707nam a2200217 a 4500 | ||
|---|---|---|---|
| 005 | 20210223124426.0 | ||
| 008 | 011005s1989 es r 000 0 spa d | ||
| 020 | _a8424329678 | ||
| 035 | _aUPN01000112676 | ||
| 049 | _aI | ||
| 050 | 4 |
_aHF5381.2 _bR5.8 |
|
| 100 | 1 | _aRice, Melanie | |
| 245 | 1 | 0 |
_aTodo sobre lo que hace la gente / _cMelanie Rice, Chris Rice ; il. Lesley Smith ; tr. Araceli Ramos. |
| 260 |
_aBilbao, Esp. : _bFhersal, _cc1989. |
||
| 300 |
_a45 p. : _bPrincipalmente il. col. |
||
| 650 | 4 |
_aOCUPACIONES - _vLITERATURA JUVENIL _910051 |
|
| 650 | 4 |
_aPROFESIONES - _vLITERATURA JUVENIL _910052 |
|
| 700 | 1 |
_aRice, Chris, _ecoaut. |
|
| 700 | 1 |
_aSmith, Lesley, _eil. _929348 |
|
| 905 | _aInfantil | ||
| 999 |
_c86584 _d86584 |
||